| 000 | 00361 a2200169 4500 | ||
|---|---|---|---|
| 001 | 184847 | ||
| 020 | _a | ||
| 040 | _cMagnum | ||
| 100 | _aTheobaldo, Délcio | ||
| 240 | 1 | 0 |
_aIsto é coisa da idade _lpor |
| 245 | 1 | 0 | _aIsto é coisa da idade |
| 300 | _a | ||
| 362 | 0 | _a1995 | |
| 440 | 1 | _aMiguilim | |
| 697 | _aLITERATURA INFANTO-JUVENIL | ||
| 942 | _cBK | ||
| 999 |
_c184847 _d184847 |
||